00209 a2200085 450000500170000002000150001710000100003224500480004226000330009020260121155238.0 a8172248911 aJaico aDigital Systems Testing And Testable Design bJaico Publishing Housec2014